[Event "Wch U12 rapid"]
[Site "Minsk"]
[Date "2018.06.22"]
[Round "1"]
[White "Mertsalov, Roman"]
[Black "Ponomarev, Grigori"]
[Result "0-1"]
[WhiteElo "1416"]
[BlackElo "2036"]
[PlyCount "96"]
[EventDate "2018.06.22"]
[EventType "swiss (rapid)"]
[EventRounds "9"]
[EventCountry "BLR"]
[SourceTitle "EXT 2019"]
[Source "ChessBase"]
[SourceDate "2018.10.10"]
[SourceVersion "1"]
[SourceVersionDate "2018.10.10"]
[SourceQuality "1"]

1. d4 Nf6 2. c4 c6 3. Nc3 d5 4. e3 e6 5. Nf3 Nbd7 6. cxd5 exd5 7. Be2 Bd6 8. 0-0 0-0 9. Rb1 a5 10. a3 Re8 11. b4 axb4 12. axb4 b5 13. Qc2 Qe7 14. Bd2 Nb6 15. Na2 Bd7 16. Rfc1 Ne4 17. Be1 Ra3 18. Rb3 Ra4 19. Nc3 Nxc3 20. Bxc3 Rea8 21. Rcb1 Ra2 22. R3b2 Rxb2 23. Rxb2 Bg4 24. Rb1 Bc7 25. h3 Bh5 26. Qc1 Qd6 27. g3 Qf6 28. Kg2 Bg6 29. Ra1 Rxa1 30. Qxa1 Na4 31. Bd2 Be4 32. Qc1 h6 33. Qa1 g6 34. Qd1 Kg7 35. Kh2 Nb2 36. Qh1 Nc4 37. Be1 Bd6 38. Qg2 Qe7 39. Kg1 Bxb4 40. Bxb4 Qxb4 41. Qf1 Bxf3 42. Bxf3 Qc3 43. Qd1 b4 44. e4 Nd2 45. Bg2 Nxe4 46. Bxe4 dxe4 47. d5 cxd5 48. Qxd5 e3 0-1